Asertivita a stresové správanie

Stres a správanie. Stresové typy správania. Otvorene agresívne správanie. Nepriama agresia. Ako ovládnuť agresiu. Pasívne správanie. Asertívne správanie. Charakteristika jednotlivých typov správania.

Gespeichert in:
Bibliographische Detailangaben
1. Verfasser: Kadlečík, Jozef
Format: Buch
Sprache:Slowakisch
Schlagworte:
Tags: Tag hinzufügen
Keine Tags, Fügen Sie das erste Tag hinzu!

MARC

LEADER 00000nam a2200000 4500
001 r031127
005 20230425124030.9
041 0 |a slo 
044 |a SK 
245 1 0 |a Asertivita a stresové správanie  |c Jozef Kadlečík 
520 |a Stres a správanie. Stresové typy správania. Otvorene agresívne správanie. Nepriama agresia. Ako ovládnuť agresiu. Pasívne správanie. Asertívne správanie. Charakteristika jednotlivých typov správania. 
610 2 0 |a asertivita 
610 2 0 |a správanie 
610 2 0 |a osobnosť 
610 2 0 |a komunikácia 
610 2 0 |a stresy 
610 2 0 |a konflikty 
610 2 0 |a schopnosti pracovné 
610 2 0 |a úspech pracovný 
610 2 0 |a agresia 
100 1 |a Kadlečík, Jozef